Transitions to alternative energy systems : entrepreneurs, new technologies, and social change (Record no. 60329)

MARC details
000 -LEADER
fixed length control field 00805nam a2200205 a 4500
008 - FIXED-LENGTH DATA ELEMENTS--GENERAL INFORMATION
fixed length control field 060424s1984 ||||||||||||||||| || u
020 ## - INTERNATIONAL STANDARD BOOK NUMBER
International Standard Book Number 0865319073
050 ## - LIBRARY OF CONGRESS CALL NUMBER
Classification number TJ 163.2 Tra
100 ## - MAIN ENTRY--PERSONAL NAME
Personal name Baumgartner, Thomas Martin
245 10 - TITLE STATEMENT
Title Transitions to alternative energy systems : entrepreneurs, new technologies, and social change
Statement of responsibility, etc. edited by Thomas Baumgartner
260 ## - PUBLICATION, DISTRIBUTION, ETC.
Place of publication, distribution, etc. Boulder :
Name of publisher, distributor, etc. Westview Press
Date of publication, distribution, etc. 1984
300 ## - PHYSICAL DESCRIPTION
Extent xx, 292 p. : ill.
350 ## - PRICE (NR) (BK AM CF MU VM SE) [OBSOLETE]
Price 0.00
490 ## - SERIES STATEMENT
Series statement A Westview replica edition
500 ## - GENERAL NOTE
General note Includes bibliographies.
650 #7 - SUBJECT ADDED ENTRY--TOPICAL TERM
Topical term or geographic name entry element ENERGY POLICY
Source of heading or term unbist
650 #0 - SUBJECT ADDED ENTRY--TOPICAL TERM
Topical term or geographic name entry element RENEWABLE ENERGY SOURCES
700 ## - ADDED ENTRY--PERSONAL NAME
Personal name Burns, Tom R
995 ## - RECOMMENDATION 995 [LOCAL, UNIMARC FRANCE]
-- 0.00
-- CBU-MAIN LIBRARY (Kitwe)
-- 1
-- 23.50
-- AVAILABLE
-- Main Library Open Access Collection
Holdings
Withdrawn status Lost status Source of classification or shelving scheme Damaged status Not for loan Home library Current library Shelving location Date acquired Total Checkouts Full call number Barcode Date last seen Price effective from Koha item type
          CBU-MAIN LIBRARY, KITWE. CBU-MAIN LIBRARY, KITWE.   11/30/2022   TJ 163.2 Tra 017160 11/30/2022 11/30/2022 MONOGRAPH